000 00288 a2200121 4500
001 146474
040 _cEscola São Tomás de Aquino
100 _aMINTERS, Frances
240 1 0 _aA bela desadormecida
_lpor
245 1 0 _aA bela desadormecida
697 _a*LITERATURA INFANTO
942 _cBK
999 _c146474
_d146474